000
00295nam a2200109Ia 4500
008
200302s9999 xx 000 0 und d
100
_a
Stefano Casciani
245
_a
Industrial Art Objects, Play and Thought in Danese production
260
_b
arcadia Edizioni
260
_c
1988
300
_a
194 P.,
999
_c
2182
_d
2182